| 000 | 00839cab a2200253 4500 | ||
|---|---|---|---|
| 001 | ABS54127 | ||
| 008 | 090401t1995 xxu||||| |||| 00| 0 eng d | ||
| 035 | _a(Sirsi) u8699 | ||
| 041 | _aeng | ||
| 100 | _aPoynter-Brown, R. | ||
| 245 | _aValue and risk management : looking to the future | ||
| 260 | _c1995 | ||
| 350 | _a0 | ||
| 490 |
_aCSM (Chartered Surveyor Monthly) _v5(3) November/December 1995, 30-31(2) |
||
| 520 | _aConsiders the opportunities emerging for chartered surveyors as a result of the current drive for value for money and how value and risk management can help them. | ||
| 650 | _aABOUT RICS-RICS MEMBERS | ||
| 650 | _aRISK MANAGEMENT | ||
| 650 | _aVALUE MANAGEMENT | ||
| 690 | _aBUILT ENVIRONMENT-BUILDING COSTS | ||
| 700 | _aGreen, S. | ||
| 700 | _aQuarterman, M. | ||
| 942 | _n0 | ||
| 948 | _c04/03/1997 | ||
| 999 |
_c5394 _d5394 |
||